000 01968cam a2200457 4500
003 PE-LiUPU
005 20250731184600.0
020 _a8431306920
035 _a(Sirsi) i9788431306922
035 _a(Sirsi) 15240
035 _a(Sirsi) 15240
041 _aes
044 _aes
082 0 4 _a909
_bE95 3
100 1 _aOrlandis, José
245 _aDel mundo antiguo al medieval
_n3
_n3.
264 1 _aPamplona :
_bEUNSA,
_c1981
300 _a386 páginas :
_bilustraciones ;
_c25 cm.
490 0 _aHistoria Universal
504 _aIncluye bibliografía
505 0 _aEl final del mundo antiguo: -- La caída del imperio romano de occidente: el imperio a la muerte de Teodosio -- La caída del Imperio romano de occidente: los últimos emperadores -- Las invasiones y la sociedad occidental. Occidente barbárico y oriente romano: -- Estructuras de los primeros reinos barbáricos occidentales -- Historia política de los primeros reinos barbáricos occidentales -- Del imperio romano de oriente al imperio bizantino -- El cristianismo y la iglesia. Los preámbulos de la edad media: -- La España visigótica -- Francia merovingia, Italia longobarda e Inglaterra anglosajona -- La economía de los reinos occidentales -- La expansión del Islam -- Los grandes imperios asiáticos.
526 _aP136
526 _aP135
526 _aP134
526 _aP133
526 _aP144
526 _aP143
526 _aP87
526 _aP35
526 _aP20
526 _aP14
526 _aP10
526 _aP06
650 _jHISTORIA ANTIGUA
942 _2ddc
_cBOOK
949 _a909 E95 3
_i20610
_lCCODEBUL1
_mBUL
_tLIBRO
_o.STAFF. Circulación
859 _q20610
_h909
_iE95 3
910 _aaj-em
596 _a1
999 _a909 E95 3
_wDEWEY
_c54086
_i20610
_d54086
_f2021-11-8
_g5
_lCCODEBUL1
_mBUL
_q2
_r0
_sY
_tBOOK
_u2015-6-16
_xBIBLIOTECA
_PP20
_0COMPRA
_o.STAFF. Colección General
980 _81
_gALBERTO SANCHEZ Responsable de Automatización